00361pab a2200133 454500008004000000100002900040245005400069260000900123300001300132362001200145650000800157650001800165773004400183180718b1961 xxu||||| |||| 00| 0 eng d aSrinivasavaradan, T.C.A. aSome aspects of the Indian administrative service c1961 ap.26-31. aJan-Mar aIAS aCivil service aIndian Journal of Public Administration